| 000 | 01677nam a22002417a 4500 | ||
|---|---|---|---|
| 999 |
_c58314 _d58314 |
||
| 003 | Ge_BSU | ||
| 005 | 20211103114502.0 | ||
| 008 | 211103s2021 ge ||||| |||| 00| 0 geo d | ||
| 020 | _a97899941830921 | ||
| 041 | _ageo | ||
| 080 | _a27+2+1 ი-76 | ||
| 100 |
_aირემაძე, თენგიზ _eშემდგენელი _92229 |
||
| 245 |
_aნარკვევები ქრისტიანულ ფილოსოფიაში / _cრედაქტორ-შემდგენელი თენგიზ ირემაძე ; ყდის დიზაინი გიორგი ბაგრატიონი ; ახალი საქართველოს უნივერსიტეტი, კავკასიური ფილოსოფიისა და თეოლოგიის სამეცნიერო-კვლევითი არქივი. |
||
| 250 | _aI გამოცემა | ||
| 264 |
_aთბილისი, _c2021. |
||
| 300 |
_a100 გვ. ; _b17 სმ. |
||
| 501 | _aსაძიებლები: გვ. 85-90. | ||
| 504 | _aბიბლიოგრაფია: გვ. 83-84. | ||
| 653 | _aქრისტიანული ფილოსოფია | ||
| 700 |
_aირემაძე, თენგიზ _eრედაქტორ-შემდგენელი _92229 |
||
| 710 |
_aახალი საქართველოს უნივერსიტეტი. _bკავკასიური ფილოსოფიისა და თეოლოგიის სამეცნიერო-კვლევითი არქივი. _912794 |
||
| 942 |
_2udc _cBK |
||